000 00432nmm a2200145Ia 4500
008 251105s9999||||xx |||||||||||||||||und||
041 _aspa
100 _aSanz Oliva, Antonio
245 0 _aEl fiordo de la Quimera (Selección Suspense)
264 _a[Madrid, España] :
_bEdiciones B,
_c2017
300 _a181 páginas
650 _aThriller & Suspense
856 _uhttps://public.digitaliapublishing.com/a/54540
942 _cCF
999 _c106414
_d106414